Villes du Monde en B (Difficile) - Statistiques

Statistiques générales
  • Ce quiz a été pris 227 fois
  • Le résultat moyen est 6 sur 20
Statistiques - réponses
Hint Réponse % Correct
Ville italienne qui est historiquement en rivalité avec Modène Bologne
72%
Deuxième plus grande ville de Norvège, localisée sur une île Bergen
66%
Ville britannique dont les chantiers navals ont construit le Titanic Belfast
50%
Grande ville brésilienne, capitale de l'Etat de Minas Gerais Belo Horizonte
49%
Grande ville de l'Etat de New York, dont le nom inspire des bisons Buffalo
49%
Ville allemande très connue pour ses cinq musiciens Brême
47%
Ville indonésienne hôte d'une célèbre Conférence des Non-Alignés Bandung
39%
Deuxième ville de Libye, située en Cyrénaïque Benghazi
35%
Grande ville de Colombie où est née Shakira Barranquilla
33%
Grande ville du comté de Dorset, dans le sud de l'Angleterre Bournemouth
29%
Ville allemande restée célèbre pour la raison de la disparition du Général de Gaulle en 1968 Baden-Baden
25%
Capitale de la province espagnole de Castille-et-Leon Burgos
24%
Ville capitale d'une des trois régions à l'origine de la formation de l'Irak actuel Bassorah
21%
Autre nom donné à la ville sainte indienne de Varanasi Bénarès
18%
Ville turque actuelle dans laquelle se situait le Mausolée d'Halicarnasse Bodrum
14%
Grande ville polonaise formant une métropole avec la ville de Torun Bydgoszcz
13%
Septième ville la plus peuplée de Roumanie, également appelée Kronstadt en allemand Brasov
9%
Grande ville argentine de 300 000 habitants, sur l'Atlantique, dans la province de Buenos Aires Bahia Blanca
6%
Troisième plus grande ville du Libéria, qui porte le même nom qu'un président américain Buchanan
4%
Deuxième plus grande ville de Guinée-Bissau Bafata
3%
Aucun quiz correspondant
Distribution des résultats
% des personnes avec chaque résultat
Percentile par nombre de réponses
Votre historique - résultats
Vous n’avez pas pris ce quiz